000 00237 a2200097 4500
001 16661
100 _aAhmad Khurshid
245 _aIslam its meaning and massage
260 _aLondon
_bIslamic council of Europe
_c
090 _c12561
_d12561
942 _aNUST-CAE
_cM
_c2849
999 _c251734
_d251734